000 00706nam a2200289Ia 4500
005 20260324141346.0
008 008 260324s9999 xx 000 0 eng d
020 _a9780429307904
037 _aEBOOK
040 _aCRL
040 _beng
040 _cCRL
041 _2eng
041 _aeng
084 _qCRL
100 _aNadya Peterson
_91207894
245 0 _aSubversive Imaginations
245 0 _bFantastic Prose And The End Of Soviet Literature, 1970s-1990s
260 _bTaylor and Francis
260 _c1997
365 _a
365 _b56.99
856 _uhttp://www.taylorfrancis.com/books/9780429307904
942 _cEBOOK
999 _c1810896
_d1810896